MAASAI MARA UNIVERSITY

LIBRARY CATALOGUE

Contact Us: +254 020 2685356/7 or 0774 057787

Box: 861-20500, NAROK, KENYA

Email: info@mmarau.ac.ke

Jones William B. (Record no. 4667)

MARC details
000 -LEADER
fixed length control field 00478nam a2200145Ia 4500
008 - FIXED-LENGTH DATA ELEMENTS--GENERAL INFORMATION
fixed length control field 151015s9999 xx 000 0 und d
020 ## - INTERNATIONAL STANDARD BOOK NUMBER
International Standard Book Number 30095441
050 ## - LIBRARY OF CONGRESS CALL NUMBER
Classification number TK5103.59 .J66 1987
245 ## - TITLE STATEMENT
Title Jones William B.
250 ## - EDITION STATEMENT
Edition statement _Introduction to optical fiber communication systems William B.Jones
300 ## - PHYSICAL DESCRIPTION
Extent New York Holt,Rinehart and Winston 1987
500 ## - GENERAL NOTE
General note Includes bibliographic reference
650 ## - SUBJECT ADDED ENTRY--TOPICAL TERM
Topical term or geographic name as entry element _ Communication systems
700 ## - ADDED ENTRY--PERSONAL NAME
Personal name ^d20130522 10:26:57^oanne

No items available.

© 2016 Maasai Mara University.